Sports Quiz

Random Sports or WWE Quiz

Ted Dibiase(Jr.) PPV Opponents Quiz Stats

 Plays Quiz not verified by Sporcle

Challenge
Share
Tweet
Embed
Score 0/46 Timer 12:00
0 Plays Today
PPV Opponent % Correct
Night of Champions 2008Cody Rhodes
98.9%
Wrestlemania 2010Cody Rhodes
98.9%
Elimination Chamber 2010Randy Orton
97%
Wrestlemania 2010Randy Orton
97%
Money in the Bank 2010Randy Orton
97%
Backlash 2009Triple H
94.4%
Royal Rumble 2009Triple H
94.4%
Summerslam 2009Triple H
94.4%
Breaking Point 2009Triple H
94.4%
Hell in a Cell 2009Triple H
94.4%
Elimination Chamber 2010Triple H
94.4%
Summerslam 2009Shawn Michaels
91.1%
Breaking Point 2009Shawn Michaels
91.1%
Hell in a Cell 2009Shawn Michaels
91.1%
Royal Rumble 2010Shawn Michaels
91.1%
The Bash 2009Chris Jericho
90%
Night of Champions 2009Chris Jericho
90%
Night of Champions 2009Big Show
90%
Money in the Bank 2010Chris Jericho
90%
Elimination Chamber 2010John Cena
89.6%
Money in the Bank 2010The Miz
87.7%
Night of Champions 2008Hardcore Holly
86.2%
The Bash 2009Edge
86.2%
PPV Opponent % Correct
Money in the Bank 2010Edge
86.2%
Survivor Series 2009Kofi Kingston
85.5%
Elimination Chamber 2010Kofi Kingston
85.5%
Backlash 2009Batista
84.4%
Survivor Series 2009Mark Henry
79.6%
Money in the Bank 2010Mark Henry
79.6%
Survivor Series 2009R-Truth
78.8%
Over the Limit 2010R-Truth
78.8%
Money in the Bank 2010John Morrison
78.8%
The Bash 2009Carlito
78.4%
Survivor Series 2010Daniel Bryan
77.7%
Elimination Chamber 2010Sheamus
77.3%
The Bash 2009Primo
76.2%
Backlash 2009Shane McMahon
75.5%
Survivor Series 2009Christian
75.1%
Survivor Series 2009MVP
73.6%
Wrestlemania 2011Great Khali
71%
Money in the Bank 2010Evan Bourne
70.6%
Unforgiven 2008JTG
62.5%
Bragging Rights 2010Goldust
61%
Unforgiven 2008Shad Gaspard
54.6%
Royal Rumble 2011Husky Harris
38.3%
Royal Rumble 2011Michael Mcgillicutty
34.9%

You're not logged in!

Compare scores with friends on all Sporcle quizzes.
OR
Log In

You Might Also Like...

Show Comments

Extras

Top Quizzes Today


Score Distribution

Your Account Isn't Verified!

In order to create a playlist on Sporcle, you need to verify the email address you used during registration. Go to your Sporcle Settings to finish the process.

Report this User

Report this user for behavior that violates our Community Guidelines.

Details: